000 00608nam a22002297a 4500
003 UA-OsUOA
001 35953
007 ta
008 20060703b un ||||| |||| 00| 0 ukr d
100 _aОнацький Євген
090 _a030
_bО-58
942 _cBK
040 _aUA-OsUOA
_bukr
_cUA-OsUOA
_dUA-OsUOA
245 _aУкраїнська мала енциклопедія
_bТ. 4
_cЖ - Й
300 _a564 с.
955 _a1
041 _aukr
080 _a030
260 _aБуенос-Айрес
_c1959
650 7 _a030 Загальні довідкові праці
_2UDC
999 _c424293
_d424293